000 00456nam a2200193Ia 4500
003 OSt
005 20140312151833.0
008 140130s9999 xx 000 0 und d
050 _aPZ 7
_b.C237m15 2002
100 _aCapeci, Anne
245 _cAnne Capeci
_aElectric Storm /
260 _bScholastic,
_c2002.
_aNew York :
300 _a40 p. :
_bill. ;
_c21 cm.
440 _v1
521 _aG3
526 _c570
942 _cBK
_2lcc
999 _c40676
_d40676